01256nab a22002297a 4500003000400000005001700004008004100021040000700062100002100069245007100090260007300161300001300234500004400247505039600291505009000687650001800777650003300795650001600828650001600844650002600860773014000886OSt20250909103430.0190604e xxu||||| |||| 00| 0 spa d cPJ aTito, Verónica13aLa nueva reglamentación de los hidrocarburos /cVerónica Tito. aCiudad Autónoma de Buenos Aires :bThomson Reuters La Ley, c2025. ap. 82-92 aCita Online: TR LALEY AR/DOC/492/2025.  aSumario: I. Introducción.— II. Anexo I dec. 1057/2024. Reglamentación de los arts. 101 a 152 del capítulo I del Título VI de la ley 27.742.— III. Anexo II dec. 1057/2024. Reglamentación de los arts. 153 a 158 del capítulo II del Título VI de la ley 27.742.— IV. Anexo III dec. 1057/2024. Reglamentación del art. 163 del capítulo VI del Título VI de la ley 27.742.  t¿Te interesa el texto completo? Solicitalo al correo: koha@justierradelfuego.gov.ar  0aHIDROCARBUROS 0aEXPLOTACION DE HIDROCARBUROS 0aGAS NATURAL 0aINVERSIONES 0aDECRETO REGLAMENTARIO0 02714dCiudad Autónoma de Buenos Aires : Thomson Reuters La Ley, 2014-tRevista anales de legislación argentina. Nº 4 - Abril 2025.